[Event "34th Chess Olympiad (women)"]
[Site "Istanbul"]
[Date "2000.11.07"]
[Round "10.22.1"]
[White "Ratcu, Tatiana"]
[Black "Grosar, Kiti"]
[WhiteElo "2240"]
[BlackElo "2223"]
[WhiteCountry "BRA"]
[BlackCountry "SLO"]
[Result "1/2-1/2"]

1. d4 Nf6 2. Nf3 g6 3. Nbd2 d5 4. e3 Nbd7 5. Be2 Bg7 6. O-O O-O 7. b4 c6 
8. c4 a5 9. b5 cxb5 10. cxb5 a4 11. Ba3 Nb6 12. Rc1 Bf5 13. Ne5 Ne4 
14. Nxe4 Bxe4 15. Bc5 Bf5 16. Rc3 Re8 17. Ra3 Bxe5 18. dxe5 Nc4 19. Rxa4 Rxa4 
20. Qxa4 Nxe5 21. Bd4 Nc4 22. Rd1 e5 23. Bc3 Qc8 24. Bxc4 Qxc4 25. Qxc4 dxc4 
26. Rd5 f6 27. a4 Kf7 28. f3 b6 29. a5 bxa5 30. Bxa5 Be6 31. Rc5 Rc8 
32. Rc6 Bd7 33. Rxc8 Bxc8 34. Kf2 Ke6 35. Ke2 Kd5 36. Bd8 f5 
1/2-1/2

[Event "34th Chess Olympiad (women)"]
[Site "Istanbul"]
[Date "2000.11.07"]
[Round "10.22.2"]
[White "Mihevc Mohr, Narcisa"]
[Black "Delai, Paula"]
[WhiteElo "2170"]
[BlackElo "2110"]
[WhiteCountry "SLO"]
[BlackCountry "BRA"]
[Result "1-0"]

1. e4 c5 2. Nf3 d6 3. d4 cxd4 4. Nxd4 Nf6 5. Nc3 g6 6. Be3 Bg7 7. f3 O-O 
8. Qd2 Nc6 9. O-O-O Nxd4 10. Bxd4 Be6 11. Kb1 Qc7 12. g4 Rfc8 13. h4 Qa5 
14. Qg5 Qxg5 15. hxg5 Nd7 16. Bxg7 Kxg7 17. Rh4 Bc4 18. f4 Rc6 19. f5 Nb6 
20. Bxc4 Rxc4 21. Rf1 f6 22. fxg6 Kxg6 23. Rh6+ Kg7 24. Rfh1 fxg5 25. Rxh7+ Kf8 
26. Rf1+ Ke8 27. Rff7 Rc7 28. Rfg7 Rac8 29. Nb5 Rxc2 30. Nxd6+ 
1-0

[Event "34th Chess Olympiad (women)"]
[Site "Istanbul"]
[Date "2000.11.07"]
[Round "10.22.3"]
[White "Ribeiro, Regina"]
[Black "Krivec, Jana"]
[WhiteElo "2104"]
[BlackElo "2199"]
[WhiteCountry "BRA"]
[BlackCountry "SLO"]
[Result "0-1"]

1. c4 Nf6 2. Nc3 c5 3. g3 g6 4. Bg2 Nc6 5. d3 Bg7 6. e4 d6 7. Nge2 O-O 
8. O-O Bd7 9. h3 Ne8 10. f4 Nc7 11. f5 Nd4 12. g4 e6 13. Bf4 Bc6 14. fxg6 hxg6 
15. Qd2 e5 16. Bh6 Nce6 17. Nxd4 cxd4 18. Ne2 Qh4 19. Bxg7 Kxg7 20. Qe1 Rh8 
21. Qf2 Qe7 22. Qg3 Rh4 23. Rf2 Rah8 24. Bf1 Ng5 25. Rh2 Bd7 26. Kf2 Qf6+ 
27. Kg1 Nf3+ 28. Kh1 Nxh2 29. Kxh2 Rxg4 
0-1

[Event "34th Chess Olympiad (women)"]
[Site "Istanbul"]
[Date "2000.11.07"]
[Round "10.24.1"]
[White "Geldyeva, Mexnri"]
[Black "Leite, Catarina"]
[WhiteElo "2283"]
[BlackElo "2089"]
[WhiteCountry "TKM"]
[BlackCountry "POR"]
[Result "0-1"]

1. d4 d5 2. Nf3 Nf6 3. Bf4 Bf5 4. e3 e6 5. Ne5 c6 6. Be2 Be7 7. O-O O-O 
8. Nd2 Nbd7 9. c4 Nxe5 10. Bxe5 Qb6 11. b3 Nd7 12. Bg3 Ba3 13. c5 Qb4 
14. Nb1 Bxb1 15. Rxb1 b6 16. Bd6 Rfd8 17. Bd3 bxc5 18. Qc2 g6 19. Be2 Qb6 
20. dxc5 Nxc5 21. Bf4 a5 22. h4 Nd7 23. h5 Qc5 24. Qd1 Qc3 25. e4 Nf6 
26. e5 Nd7 27. b4 axb4 28. Rb3 Qc5 29. Qd2 d4 30. Bg5 Rdc8 31. hxg6 hxg6 
32. Bf6 Nxf6 33. exf6 Qe5 34. Rf3 Kf8 35. Rd1 Rd8 36. Qh6+ Ke8 37. Rf4 Bb2 
38. Bd3 Qh5 39. Qg7 Qxd1+ 40. Bf1 Qe1 41. Rh4 Kd7 42. Qxf7+ Kd6 43. Qe7+ Kd5 
44. f7 d3 45. f8=Q Rxf8 46. Qd7+ Kc5 47. Qe7+ Kb5 48. Qb7+ Ka4 49. Qxc6+ Ka3 
50. Rf4 Kxa2 51. g3 d2 52. Rxf8 Rxf8 
0-1

[Event "34th Chess Olympiad (women)"]
[Site "Istanbul"]
[Date "2000.11.07"]
[Round "10.24.2"]
[White "Carvalho, Alda"]
[Black "Atbashieva, Guldjahan"]
[WhiteElo "2063"]
[BlackElo "2243"]
[WhiteCountry "POR"]
[BlackCountry "TKM"]
[Result "0-1"]

1. e4 d6 2. d4 Nd7 3. Nc3 c6 4. f4 Qc7 5. Nf3 e5 6. a4 Ngf6 7. Bc4 Be7 
8. O-O O-O 9. Kh1 exd4 10. Nxd4 Nc5 11. Qf3 Bg4 12. Qg3 h5 13. Bd3 Qb6 
14. Nf3 Bxf3 15. Rxf3 d5 16. exd5 cxd5 17. Nd1 Nce4 18. Qe1 Rfe8 19. Be3 d4 
20. Bg1 Bb4 21. Qh4 Qd6 22. f5 Bd2 23. Bxe4 Rxe4 24. Qf2 Be1 25. Qf1 Rae8 
26. Nf2 Re2 27. Nd3 Bh4 28. Rf4 R2e4 29. Qf3 Bg5 30. Rxe4 Rxe4 31. Re1 Be3 
32. h3 Qe7 33. Bf2 h4 34. Rf1 Bxf2 35. Rxf2 Re3 36. Qf4 Ne4 37. Rf3 Ng3+ 
38. Kh2 Re4 39. Qb8+ Kh7 40. b3 a6 41. Rf4 Rxf4 42. Qxf4 Qf6 43. Nc5 Ne2 
44. Qf3 Qd6+ 45. g3 hxg3+ 46. Kh1 Qxc5 47. Qh5+ Kg8 48. Qxe2 Qxf5 49. Kg2 Qg6 
50. Qc4 Kh7 51. Qxd4 Qxc2+ 52. Kxg3 Qxb3+ 53. Kg2 Qc2+ 54. Kg3 Qg6+ 55. Kh2 Qf5 
56. Qh4+ Kg6 57. Qg3+ Kf6 58. Qd6+ Qe6 59. Qf4+ Ke7 60. Qc7+ Qd7 61. Qe5+ Kf8 
62. Qb8+ Qe8 63. Qxb7 Qxa4 64. Qc8+ Ke7 65. Qc7+ Ke6 66. Qc8+ Qd7 67. Qc4+ Ke7 
68. Qe4+ Qe6 69. Qb7+ Kf6 70. Qf3+ Kg6 71. Qg3+ Kh7 72. Qh4+ Qh6 73. Qe4+ g6 
74. Qc4 Qd2+ 75. Kg3 Qe3+ 76. Kg2 Qe6 77. Qh4+ Kg7 78. Qd4+ Qf6 79. Qb4 Qe5 
80. Qb3 a5 81. Qa4 Qe2+ 82. Kg3 Qe1+ 83. Kg2 Qb4 84. Qe8 Qb2+ 85. Kg3 Qa1 
86. h4 a4 87. Kg4 a3 88. h5 Qd1+ 
0-1

[Event "34th Chess Olympiad (women)"]
[Site "Istanbul"]
[Date "2000.11.07"]
[Round "10.25.1"]
[White "Berezina, Irina"]
[Black "Paasikangas-Tella, Johanna"]
[WhiteElo "2304"]
[BlackElo "2301"]
[WhiteCountry "AUS"]
[BlackCountry "FIN"]
[Result "1-0"]

1. d4 d5 2. Nf3 c6 3. e3 Nf6 4. Bd3 g6 5. Nbd2 Bg7 6. b3 Nbd7 7. Bb2 b6 
8. O-O O-O 9. h3 Bb7 10. Qe2 Re8 11. Rfd1 Nh5 12. Ne5 e6 13. Ndf3 a6 
14. Rac1 c5 15. Nxd7 Qxd7 16. Ne5 Qe7 17. Qe1 cxd4 18. exd4 Nf4 19. Bf1 f6 
20. Ng4 e5 21. g3 Nh5 22. Bg2 e4 23. c4 f5 24. Ne5 f4 25. cxd5 f3 26. Bf1 Bxd5 
27. Bc4 Bxc4 28. bxc4 Qg5 29. Qxe4 Bxe5 30. h4 Bf4 31. Qxe8+ Rxe8 32. hxg5 Bxc1 
33. Bxc1 Ng7 34. d5 Kf7 35. Be3 Rb8 36. Rb1 b5 37. a4 b4 38. a5 b3 39. Bb6 Rc8 
40. c5 Nf5 41. Rxb3 Ke7 42. Rxf3 h5 43. gxh6 Nxh6 44. Re3+ 
1-0

[Event "34th Chess Olympiad (women)"]
[Site "Istanbul"]
[Date "2000.11.07"]
[Round "10.25.2"]
[White "Rantanen, Tanja"]
[Black "Phan-Koshnitsky, Ngan"]
[WhiteElo "2120"]
[BlackElo "2157"]
[WhiteCountry "FIN"]
[BlackCountry "AUS"]
[Result "0-1"]

1. e4 c5 2. c3 d5 3. exd5 Qxd5 4. d4 Nf6 5. Nf3 Bg4 6. Be2 e6 7. h3 Bh5 
8. O-O Nc6 9. Be3 cxd4 10. Nxd4 Bxe2 11. Qxe2 Nxd4 12. Bxd4 Be7 13. Rd1 Qc6 
14. Nd2 O-O 15. Nf3 Rfd8 16. Ne5 Qc7 17. Rd3 Ne8 18. Ng4 Bc5 19. Bxc5 Qxc5 
20. Rad1 Rxd3 21. Qxd3 h5 22. Nh2 Nf6 23. Nf3 Rc8 24. Rd2 Qa5 25. a3 Qc5 
26. h4 g6 27. Ng5 Kg7 28. Qf3 Qc6 29. Qxc6 Rxc6 30. Kf1 Nd5 31. g3 Kf6 
32. Ke2 Ke7 33. Kd1 Nb6 34. Kc2 Nc4 35. Rd1 Rb6 36. Rb1 Rd6 37. Nf3 Rd5 
38. Nd4 e5 39. Nf3 f6 40. Re1 Rb5 41. b4 Rd5 42. a4 a6 43. Re2 b5 44. a5 Kd6 
45. Ne1 f5 46. Ng2 Kc6 47. f3 Kd6 48. Ne1 Ke6 49. Ng2 Kf6 50. Ne3 Nxe3+ 
51. Rxe3 Ke6 52. Re2 Kd6 53. Re1 Ke6 54. Re2 Rd6 55. Re3 Kd5 56. Rd3+ Kc6 
57. Re3 Re6 58. Kb3 Kd5 59. Rd3+ Kc6 60. Re3 e4 61. c4 bxc4+ 62. Kxc4 Re5 
63. Kd4 Rd5+ 64. Kc4 exf3 65. Rxf3 Re5 66. Rd3 Re4+ 67. Rd4 Rg4 68. Rxg4 hxg4 
69. Kd4 Kb5 70. Ke5 Kxb4 71. Kf4 Kxa5 72. Kg5 f4 73. Kxf4 Kb4 74. Kxg4 a5 
75. h5 gxh5+ 76. Kxh5 a4 77. g4 a3 78. g5 a2 79. Kh6 a1=Q 80. Kh7 Qa7+ 
81. Kh6 Qf7 82. g6 Qg8 
0-1

[Event "34th Chess Olympiad (women)"]
[Site "Istanbul"]
[Date "2000.11.07"]
[Round "10.25.3"]
[White "Moylan, Laura"]
[Black "Puuska, Heini"]
[WhiteElo "2076"]
[BlackElo "2023"]
[WhiteCountry "AUS"]
[BlackCountry "FIN"]
[Result "1-0"]

1. d4 Nf6 2. Nf3 e6 3. e3 c5 4. Bd3 d5 5. b3 cxd4 6. exd4 Be7 7. Bb2 O-O 
8. Nbd2 b6 9. Ne5 Bb7 10. O-O Nbd7 11. f4 Ne4 12. Rf3 Bb4 13. c3 Bd6 
14. Rh3 Bxe5 15. fxe5 Qg5 16. Bc1 Qf5 17. Nxe4 dxe4 18. Rh5 Qg6 19. Rg5 Qh6 
20. Bb5 Rfd8 21. Rg3 e3 22. Bxe3 Qh4 23. Bg5 Qe4 24. Bd3 Qc6 25. Bxd8 Rxd8 
26. Qc2 g6 27. Rf1 b5 28. Rf4 Nb6 29. Be4 Qc7 30. Bxb7 Qxb7 31. Qe2 Nd5 
32. Rh4 Rc8 33. Qh5 f5 34. Rxg6+ Kf8 35. Qh6+ 
1-0

[Event "34th Chess Olympiad (women)"]
[Site "Istanbul"]
[Date "2000.11.07"]
[Round "10.26.1"]
[White "Hernandez, Penna Sabina"]
[Black "Ostry, Irina"]
[WhiteElo "2141"]
[BlackElo "2238"]
[WhiteCountry "ARG"]
[BlackCountry "KGZ"]
[Result "1/2-1/2"]

1. e4 c5 2. Nf3 e6 3. d4 cxd4 4. Nxd4 a6 5. c4 Nf6 6. Nc3 Qc7 7. a3 Be7 
8. Be3 d6 9. Be2 Nbd7 10. Rc1 O-O 11. O-O b6 12. f3 Bb7 13. g4 Ne5 14. g5 Nfd7 
15. Qe1 Nc5 16. Rd1 Nc6 17. Qg3 Nxd4 18. Bxd4 Rac8 19. Rf2 Nb3 20. Bf6 e5 
21. Qh4 Rfe8 22. Rg2 Nd4 23. Rg3 Ne6 24. Rh3 h6 25. Bxe7 Qxe7 26. gxh6 Nf4 
27. hxg7 Nxh3+ 28. Qxh3 Kxg7 29. Kh1 Qf6 30. Qg4+ Kf8 31. Qd7 Re7 32. Qh3 Rec7 
33. Na4 Rc6 34. Nc3 R6c7 35. Na4 Rc6 36. Nc3 
1/2-1/2

[Event "34th Chess Olympiad (women)"]
[Site "Istanbul"]
[Date "2000.11.07"]
[Round "10.26.2"]
[White "Sabirova, S"]
[Black "Maggiolo, Elisa"]
[WhiteElo "2131"]
[BlackElo "2115"]
[WhiteCountry "KGZ"]
[BlackCountry "ARG"]
[Result "1/2-1/2"]

1. d4 Nf6 2. c4 g6 3. Nc3 Bg7 4. e4 d6 5. Nge2 O-O 6. Ng3 e5 7. d5 Nbd7 
8. Be2 h6 9. Be3 a6 10. a4 Qe7 11. h4 h5 12. Bg5 a5 13. Ra3 Nc5 14. Bxh5 Qd7 
15. Be2 Nh7 16. Qd2 Re8 17. h5 Nxg5 18. Qxg5 Qe7 19. Qd2 Bf6 20. hxg6 fxg6 
21. Qd1 Rf8 22. Nb1 Bh4 23. Nd2 Rf4 24. Bf3 Bxg3 25. fxg3 Rf7 26. Bg4 Qg5 
27. Rh4 Rh7 28. Nf3 Rxh4 29. Nxg5 Rh1+ 30. Kd2 Rxd1+ 31. Bxd1 Bd7 32. Bc2 Rf8 
33. Nf3 Bg4 34. Ke3 Bd7 35. Ra1 Kg7 36. b3 Rh8 37. Rf1 Rf8 38. Rh1 Rh8 
39. Rxh8 Kxh8 40. Nd2 Kg7 41. Nb1 Kf6 42. Nc3 Kg5 43. Bd1 Na6 44. Kf2 Nc5 
45. Ke3 
1/2-1/2

[Event "34th Chess Olympiad (women)"]
[Site "Istanbul"]
[Date "2000.11.07"]
[Round "10.26.3"]
[White "Zuriel, Marisa"]
[Black "Korsakova, Tatiana"]
[WhiteElo "2089"]
[BlackElo "2035"]
[WhiteCountry "ARG"]
[BlackCountry "KGZ"]
[Result "1/2-1/2"]

1. e4 c5 2. Nf3 d6 3. d4 cxd4 4. Nxd4 g6 5. Nc3 Bg7 6. Be3 Nf6 7. f3 Nc6 
8. Qd2 Bd7 9. g4 a6 10. h4 h5 11. g5 Nh7 12. Nd5 Ne5 13. f4 Ng4 14. Bg1 e6 
15. Ne3 e5 16. Nb3 exf4 17. Nd5 Bxb2 18. Bb6 Qc8 19. Nc7+ Ke7 20. c3 Bxa1 
21. Nxa1 Ne3 22. Nxa8 Nxf1 23. Rxf1 Qxa8 24. Bc7 Be6 25. Qxd6+ Ke8 26. Nb3 Qc8 
27. Nc5 Nf8 28. Rxf4 Rh7 29. a4 f5 30. exf5 Qxc7 31. Qxf8+ Kxf8 32. Nxe6+ Kg8 
33. Nxc7 Rxc7 34. fxg6 Rxc3 35. Kd2 Rb3 36. Kc2 Rh3 37. Kb2 Kg7 38. a5 Kxg6 
39. Rf6+ Kg7 40. Rf4 Kg6 
1/2-1/2

[Event "34th Chess Olympiad (women)"]
[Site "Istanbul"]
[Date "2000.11.07"]
[Round "10.27.1"]
[White "Hagesaether, Ellen"]
[Black "Mahini, Mona"]
[WhiteElo "2044"]
[BlackElo "2018"]
[WhiteCountry "NOR"]
[BlackCountry "IRI"]
[Result "1-0"]

1. Nf3 Nf6 2. g3 g6 3. Bg2 Bg7 4. O-O O-O 5. d3 d5 6. Nbd2 Nbd7 7. e4 dxe4 
8. dxe4 e5 9. c3 Qe7 10. b4 a5 11. a3 Rd8 12. Qe2 b6 13. Bb2 Ba6 14. b5 Bb7 
15. c4 Ne8 16. a4 Nc5 17. Ba3 Rd7 18. Bh3 f5 19. Bxc5 bxc5 20. exf5 e4 
21. Rae1 Rd3 22. Qxd3 
1-0

[Event "34th Chess Olympiad (women)"]
[Site "Istanbul"]
[Date "2000.11.07"]
[Round "10.27.2"]
[White "Pourkashiyan, Atousa"]
[Black "Berntsen, Sheila Barth"]
[WhiteElo "2000"]
[BlackElo "2094"]
[WhiteCountry "IRI"]
[BlackCountry "NOR"]
[Result "1/2-1/2"]

1. e4 c5 2. Nf3 Nc6 3. d4 cxd4 4. Nxd4 Nf6 5. Nc3 e5 6. Ndb5 d6 7. Bg5 a6 
8. Na3 Be6 9. Bxf6 gxf6 10. Nd5 f5 11. exf5 Bxf5 12. c3 Be6 13. Be2 Rg8 
14. Bf3 Rc8 15. Qd2 Rg6 16. Qd3 Bh6 17. Rd1 Kf8 18. Be4 Rg7 19. h3 b5 
20. Nc2 Na5 21. Ndb4 Ke7 22. b3 Qc7 23. O-O Rd8 24. Ne3 Bxe3 25. Qxe3 Qc8 
26. Kh2 f5 27. Bd5 Bxd5 28. Nxd5+ Kf8 29. f4 Nc6 30. fxe5 Nxe5 31. Qf4 Rf7 
32. Ne3 Ng6 33. Qb4 Qe6 34. Qd4 Re8 35. Rde1 Qe4 36. Nxf5 Qxd4 37. Nxd4 Rxe1 
38. Rxe1 Rf2 39. Re2 Rf1 40. Kg3 Rc1 41. Rc2 Re1 42. Kf2 Re7 43. g4 Nf4 
44. Kg3 Nd5 45. Nf5 Re1 46. h4 Ne3 47. Nxe3 Rxe3+ 48. Kf4 Rd3 49. g5 Kf7 
50. Kg4 Kg6 51. h5+ Kg7 52. h6+ Kg8 53. Re2 Kf7 54. Rf2+ Kg8 55. Rf6 Rd2 
56. a4 bxa4 57. bxa4 Rd3 58. Rf3 Rd1 59. Kf5 Kf7 60. Rf4 Rc1 61. Ke4+ Kg6 
62. Rf6+ Kxg5 63. Rxd6 Rxc3 64. Rxa6 Rc1 65. Kd5 Rd1+ 66. Kc5 Rc1+ 67. Kb5 Rb1+ 
68. Ka5 Ra1 69. Rc6 Ra2 70. Kb5 Rb2+ 71. Ka6 Ra2 72. a5 Rb2 73. Ka7 Ra2 
74. a6 Rb2 75. Ka8 Rb1 76. a7 Rb2 77. Rc8 Kxh6 78. Rb8 Ra2 79. Kb7 Kg5 
80. Rg8+ Kf5 81. Rh8 Kg6 82. a8=Q Rxa8 83. Rxa8 Kg5 84. Ra5+ Kg4 85. Ra4+ Kg3 
86. Ra3+ Kg4 87. Kc6 h5 88. Kd5 h4 89. Ke4 h3 90. Ra8 Kg3 91. Ke3 Kg2 
92. Rg8+ Kf1 93. Rf8+ Kg1 94. Rg8+ Kf1 95. Rh8 Kg2 96. Rg8+ Kf1 
1/2-1/2

[Event "34th Chess Olympiad (women)"]
[Site "Istanbul"]
[Date "2000.11.07"]
[Round "10.27.3"]
[White "Hersvik, Anita"]
[Black "Navabi, Shirin"]
[WhiteElo "2172"]
[BlackElo "2007"]
[WhiteCountry "NOR"]
[BlackCountry "IRI"]
[Result "0-1"]

1. e4 e5 2. d4 exd4 3. Nf3 Bb4+ 4. Bd2 Bc5 5. Bc4 Nc6 6. Ng5 Nh6 7. Qh5 Qe7 
8. O-O Ne5 9. Bb3 d6 10. h3 Ng6 11. Kh1 Bd7 12. Nf3 Ng8 13. Bg5 Nf6 
14. Bxf6 gxf6 15. Nbd2 O-O-O 16. Nh4 Nxh4 17. Qxh4 h5 18. Qf4 Rdg8 19. Nf3 Rg7 
20. Nh4 Qe5 21. Qxe5 fxe5 22. a4 Be6 23. Bxe6+ fxe6 24. f4 exf4 25. Rxf4 Kd7 
26. Raf1 Rhh7 27. Rf6 c6 28. Ng6 d5 29. e5 Be7 30. Nxe7 Kxe7 31. R6f4 Rg5 
32. Rd1 Rxe5 33. Rdxd4 Re2 34. Rb4 Kd6 35. c3 Rg7 36. g4 c5 37. Rb5 hxg4 
38. hxg4 b6 39. a5 Kc6 40. Rb3 c4 41. Rb4 Kc5 42. axb6 axb6 43. Rf8 Ra7 
44. Rf1 Rh7+ 45. Kg1 Rhh2 46. Rf6 Reg2+ 47. Kf1 Rc2 48. Kg1 Rhd2 49. g5 Rc1+ 
50. Rf1 Rxf1+ 51. Kxf1 Rh2 52. Ra4 Rh5 53. Ra7 Rxg5 54. Ra8 Re5 55. Rd8 Re4 
56. Rc8+ Kd6 57. Kf2 Kd7 58. Rb8 Kc7 59. Re8 Kc6 60. Rd8 e5 61. Re8 Kc5 
62. Re6 Rf4+ 63. Ke3 Rf5 64. Re8 Rh5 65. Rc8+ Kb5 66. Rd8 Rh3+ 67. Kd2 Rd3+ 
68. Kc2 e4 69. Re8 Kc5 70. Re6 Rh3 71. Kd1 Rh2 72. Kc1 b5 73. Re8 Rh6 
74. Kd2 Rc6 75. Re5 b4 76. Ke3 bxc3 77. bxc3 Rh6 78. Re8 Rh3+ 79. Kd2 Rd3+ 
80. Kc2 Kd6 81. Kb2 Rf3 82. Kc2 Rf2+ 83. Kd1 Rf6 84. Ke2 Rf3 85. Kd2 Rd3+ 
86. Kc2 Rf3 87. Kd2 Rf2+ 88. Kd1 Kc5 89. Re5 Rf8 90. Kd2 Kd6 91. Rh5 Ke6 
92. Ke3 Rf5 93. Rh8 Rf3+ 94. Kd2 Rd3+ 95. Kc2 Kf5 96. Rf8+ Kg4 97. Rf6 Rf3 
98. Rg6+ Kf4 99. Kd2 Rf2+ 100. Kd1 Ke3 101. Rd6 Rd2+ 102. Kc1 Ke2 103. Rh6 e3 
104. Rh3 Kd3 105. Rg3 Rc2+ 106. Kd1 Rxc3 107. Rh3 Ra3 
0-1

[Event "34th Chess Olympiad (women)"]
[Site "Istanbul"]
[Date "2000.11.07"]
[Round "10.28.1"]
[White "Mateus, Martha"]
[Black "Charest, Johanne"]
[WhiteElo "2318"]
[BlackElo "2136"]
[WhiteCountry "COL"]
[BlackCountry "CAN"]
[Result "1-0"]

1. e4 e5 2. Nf3 Nc6 3. Nc3 Nf6 4. g3 Bc5 5. Bg2 d6 6. d3 Be6 7. Na4 Bb6 
8. Nxb6 axb6 9. a3 Qc8 10. O-O Bg4 11. c3 h5 12. Qc2 Nh7 13. Re1 f6 14. Be3 g5 
15. d4 Nf8 16. h4 Bxf3 17. Bxf3 gxh4 18. Qe2 hxg3 19. Bxh5+ Ke7 20. fxg3 Qh3 
21. g4 Nd7 22. Qg2 Qh4 23. Rf1 Rxh5 24. gxh5 Qxh5 25. Qg7+ Qf7 26. Qxf7+ Kxf7 
27. Kf2 Na5 28. Rh1 Rg8 29. Rh7+ Rg7 30. Rxg7+ Kxg7 31. Rg1+ Kh7 32. Kf3 Nc4 
33. Bc1 b5 34. Kg4 Kg6 35. Rh1 Kf7 36. Rh7+ Ke8 37. Kf5 Kd8 38. Rh8+ Ke7 
39. d5 c6 40. b3 Na5 41. b4 Nc4 42. Bh6 Nxa3 43. Rh7+ Kd8 44. Ke6 Nb6 
45. Rxb7 Nac4 46. dxc6 Na4 47. Bf8 Nxc3 48. Bxd6 Nxd6 49. Kxd6 Nxe4+ 
50. Kd5 Nc3+ 51. Kc5 Ne4+ 52. Kxb5 Nd6+ 53. Ka6 
1-0

[Event "34th Chess Olympiad (women)"]
[Site "Istanbul"]
[Date "2000.11.07"]
[Round "10.28.2"]
[White "Belc, Daniela"]
[Black "Palao, Maricela"]
[WhiteElo "2073"]
[BlackElo "2159"]
[WhiteCountry "CAN"]
[BlackCountry "COL"]
[Result "0-1"]

1. d4 d5 2. c4 e6 3. Nf3 c5 4. cxd5 exd5 5. Nc3 Nc6 6. Bg5 f6 7. Be3 c4 
8. Bd2 Be6 9. e3 Bb4 10. Be2 Nge7 11. O-O O-O 12. a3 Ba5 13. b3 cxb3 
14. Qxb3 Rb8 15. Bd3 Kh8 16. Qc2 Bg8 17. Rab1 Qd7 18. Na4 Bxd2 19. Nc5 Qd6 
20. Qxd2 b6 21. Na6 Rbc8 22. Nb4 Na5 23. a4 Nc4 24. Qa2 Be6 25. Nd2 a5 
26. Bxc4 dxc4 27. Ne4 Qd7 28. Nc2 Nd5 29. Rbc1 Bf5 30. Ng3 Bd3 31. Rfe1 Bxc2 
32. Qxc2 Nb4 33. Qb1 Nd3 34. Qxb6 Nxe1 35. Rxe1 Qxa4 36. Qa7 Qb5 37. Ne4 Qb4 
38. Ra1 c3 39. Nc5 c2 40. Qxa5 Qxa5 
0-1

[Event "34th Chess Olympiad (women)"]
[Site "Istanbul"]
[Date "2000.11.07"]
[Round "10.28.3"]
[White "Ortiz, Nadya"]
[Black "Bryskine, Marina"]
[WhiteElo "2000"]
[BlackElo "2200"]
[WhiteCountry "COL"]
[BlackCountry "CAN"]
[Result "1/2-1/2"]

1. e4 e5 2. Nf3 Nc6 3. Bc4 Bc5 4. b4 Bb6 5. a4 a6 6. Nc3 d6 7. Nd5 Ba7 
8. O-O Nf6 9. Nxf6+ Qxf6 10. c3 Bg4 11. Bd5 Nd8 12. a5 O-O 13. d3 c6 
14. Bb3 Ne6 15. Be3 Kh8 16. Qe2 Nf4 17. Bxf4 Qxf4 18. Bd1 f5 19. Qd2 fxe4 
20. dxe4 Rad8 21. Qxf4 Rxf4 22. Ra2 h6 23. Re1 Rdf8 24. Kh1 g5 25. Rd2 Bxf3 
26. gxf3 R4f6 27. h3 Kg7 28. Kg2 h5 29. Rg1 Kh6 30. Kf1 Rd8 31. Ke2 d5 
32. Bb3 Rdf8 33. exd5 Rxf3 34. Rg3 Rxf2+ 35. Kd1 Rxd2+ 36. Kxd2 cxd5 
37. Bxd5 Rd8 38. Rd3 Rd7 39. Be4 Rxd3+ 40. Kxd3 b6 41. Bb7 bxa5 42. bxa5 Bb8 
43. Kc4 g4 44. hxg4 hxg4 45. Bxa6 Bc7 46. Kd5 e4 47. Kxe4 
1/2-1/2

[Event "34th Chess Olympiad (women)"]
[Site "Istanbul"]
[Date "2000.11.07"]
[Round "10.29.2"]
[White "O`Siochru, Mairead"]
[Black "Guerrero, Alejandra"]
[WhiteElo "2000"]
[BlackElo "2171"]
[WhiteCountry "IRL"]
[BlackCountry "MEX"]
[Result "0-1"]

1. e4 e5 2. Nf3 Nc6 3. Bb5 a6 4. Ba4 Nf6 5. d3 Bc5 6. O-O d6 7. c3 Bg4 
8. Bg5 b5 9. Bb3 h6 10. Bd5 Bd7 11. Be3 Qe7 12. Bxc5 dxc5 13. d4 cxd4 
14. cxd4 O-O 15. Bxc6 Bxc6 16. d5 Bb7 17. Nbd2 c6 18. Re1 cxd5 19. exd5 e4 
20. Nd4 Bxd5 21. Re3 Qe5 22. N2f3 Qh5 23. Nd2 Qxd1+ 24. Rxd1 Rfe8 25. Rde1 Bxa2 
26. Nxe4 Nxe4 27. Rxe4 Rxe4 28. Rxe4 Rd8 29. h3 Bb1 30. Re1 Rxd4 31. Rxb1 a5 
32. g3 a4 33. Kg2 Rb4 34. Kf1 Rb3 
0-1

[Event "34th Chess Olympiad (women)"]
[Site "Istanbul"]
[Date "2000.11.07"]
[Round "10.29.3"]
[White "Garcia, Edith"]
[Black "Quinn, Deborah"]
[WhiteElo "2052"]
[BlackElo "2000"]
[WhiteCountry "MEX"]
[BlackCountry "IRL"]
[Result "1/2-1/2"]

1. e4 e5 2. Nf3 Nc6 3. d4 exd4 4. Nxd4 Bc5 5. Be3 Qf6 6. c3 Nge7 7. Bc4 d5 
8. exd5 Nxd4 9. Bxd4 Bxd4 10. Qxd4 Qxd4 11. cxd4 Nf5 12. Nc3 Nd6 13. Bd3 Bf5 
14. O-O-O Kd7 15. Rhe1 Rhe8 16. Kd2 a6 17. Re5 Bxd3 18. Kxd3 Re7 19. Rde1 Rae8 
20. g4 f5 21. f3 fxg4 22. fxg4 Nf7 23. Rxe7+ Rxe7 24. Rxe7+ Kxe7 25. Ne4 Nd6 
26. Ng5 h6 27. Ne4 b6 28. Nxd6 cxd6 29. Ke4 g6 30. h4 b5 31. b3 Kf6 32. a3 Kf7 
33. a4 bxa4 34. bxa4 Ke7 35. Ke3 Kf7 36. Ke4 Ke7 37. Kf4 Kf6 38. Ke4 Ke7 
39. h5 Kf7 40. Kf4 
1/2-1/2

[Event "34th Chess Olympiad (women)"]
[Site "Istanbul"]
[Date "2000.11.07"]
[Round "10.30.1"]
[White "Tamin, Upi"]
[Black "Shabanaj, Eglantina"]
[WhiteElo "2240"]
[BlackElo "2176"]
[WhiteCountry "INA"]
[BlackCountry "ALB"]
[Result "0-1"]

1. e4 e6 2. d4 d5 3. Nc3 Nf6 4. e5 Nfd7 5. f4 c5 6. Nf3 Nc6 7. Be3 b6 
8. Bb5 Bb7 9. O-O Be7 10. a3 O-O 11. Qe1 cxd4 12. Bxc6 Bxc6 13. Nxd4 Rc8 
14. Qg3 Bc5 15. f5 exf5 16. Rxf5 g6 17. Nce2 Kh8 18. Bh6 Qe7 19. Bxf8 Rxf8 
20. Rf2 Nxe5 21. b4 Bd6 22. Raf1 Bd7 23. Qe3 Qh4 24. Nf3 Nxf3+ 25. gxf3 Re8 
26. Qd2 Bb5 27. Rd1 Re5 28. Qd4 Qxd4 29. Nxd4 Bc4 30. Nb3 h5 31. Nd2 Ba6 
32. c4 h4 33. Rc1 Re3 34. cxd5 Bf4 35. Nf1 Rxa3 36. Rd1 Bd6 37. Kg2 Bc8 
38. h3 Rb3 39. Ra2 a6 40. Rc2 Bb7 41. Re2 Rxb4 42. Re8+ Kg7 43. Rd8 Bf4 
44. Kf2 a5 45. Re8 Bd6 46. Rd2 Bf4 47. Ne3 Bd6 48. Rd8 Bc5 49. d6 Rf4 
50. Ke2 Bxf3+ 51. Kd3 Bc6 52. Nd5 Bxd5 53. d7 Be7 54. Re8 Bg5 55. Re5 Bc4+ 
56. Kc2 Bf6 57. Rd6 Be6 58. d8=Q Bxd8 59. Rxd8 Bxh3 60. Rd2 a4 61. Rb5 a3 
62. Rxb6 Ra4 63. Kb3 Ra7 
0-1

[Event "34th Chess Olympiad (women)"]
[Site "Istanbul"]
[Date "2000.11.07"]
[Round "10.30.2"]
[White "Cima, Rozana"]
[Black "Zakiah, Al"]
[WhiteElo "2055"]
[BlackElo "2000"]
[WhiteCountry "ALB"]
[BlackCountry "INA"]
[Result "0-1"]

1. e4 c5 2. d4 cxd4 3. c3 dxc3 4. Nxc3 e6 5. Bc4 a6 6. a3 Nc6 7. Nf3 Nge7 
8. Bf4 Ng6 9. Bg3 b5 10. Ba2 Bb7 11. O-O Be7 12. Qe2 O-O 13. Rfd1 Qc8 
14. Rac1 Ra7 15. e5 Ba8 16. Ne4 h6 17. Qe3 Rc7 18. Nd6 Qb8 19. Nd2 Ncxe5 
20. N6e4 Rxc1 21. Rxc1 Rc8 22. Rf1 Qb7 23. f3 d5 24. Nf2 Nc4 25. Bxc4 bxc4 
0-1

[Event "34th Chess Olympiad (women)"]
[Site "Istanbul"]
[Date "2000.11.07"]
[Round "10.30.3"]
[White "Riayaningrum, Yeni"]
[Black "Shabanaj, Alda"]
[WhiteElo "2000"]
[BlackElo "2000"]
[WhiteCountry "INA"]
[BlackCountry "ALB"]
[Result "1/2-1/2"]

1. e4 c6 2. d4 d5 3. Nc3 dxe4 4. Nxe4 Bf5 5. Ng3 Bg6 6. h4 h6 7. Nf3 Nf6 
8. h5 Bh7 9. Bd3 Bxd3 10. Qxd3 Nbd7 11. Bd2 e6 12. O-O-O Bd6 13. Ne4 Nxe4 
14. Qxe4 Nf6 15. Qe2 Qc7 16. g3 O-O-O 17. Rh4 Rhe8 18. Qc4 Rd7 19. Re1 e5 
20. dxe5 Bxe5 21. Qc5 b6 22. Qc4 Kb7 23. Nxe5 Rxe5 24. Rxe5 Qxe5 25. Qf4 Qe2 
26. Qe3 Qf1+ 27. Qe1 Qxe1+ 28. Bxe1 Rd5 29. g4 c5 30. f3 Kc6 31. Bc3 b5 
32. a3 a6 33. Rh2 Rd6 34. b3 Re6 35. Kd2 Ne8 36. Re2 Rxe2+ 37. Kxe2 f6 
38. Ke3 Kd5 39. Ba5 Kc6 40. Kf4 Nd6 41. Bc3 Kd5 42. Ke3 Kc6 43. Kf4 Kd5 
1/2-1/2

[Event "34th Chess Olympiad (women)"]
[Site "Istanbul"]
[Date "2000.11.07"]
[Round "10.31.1"]
[White "Arnetta, Marianna"]
[Black "Lai, Xiaoqing"]
[WhiteElo "2081"]
[BlackElo "2000"]
[WhiteCountry "ITA"]
[BlackCountry "JPN"]
[Result "1/2-1/2"]

1. e4 c5 2. Nc3 e6 3. f4 d5 4. d3 Nc6 5. Nf3 Be7 6. g3 a6 7. a4 dxe4 
8. Nxe4 Nf6 9. Nxf6+ Bxf6 10. c3 Qb6 11. Qe2 O-O 12. Bg2 Qc7 13. Be3 b6 
14. O-O Bb7 15. Rad1 Rad8 16. Qf2 Rd7 17. d4 cxd4 18. Nxd4 Nxd4 19. Bxb7 Qxb7 
20. Bxd4 Bxd4 21. Rxd4 Rfd8 22. Rfd1 Rxd4 23. Rxd4 Rxd4 24. Qxd4 h5 
25. Qd8+ Kh7 26. Qd3+ g6 27. b4 Qc8 28. Qd4 Qc6 29. a5 bxa5 30. bxa5 Qb5 
31. Qb4 Qe2 32. Qf8 Qe1+ 33. Kg2 Qe2+ 34. Kg1 Qe1+ 35. Kg2 
1/2-1/2